Water quality engineering (Record no. 15109)
[ view plain ]
| 000 -LEADER | |
|---|---|
| fixed length control field | 01500nam a2200337 a 4500 |
| 082 04 - DEWEY DECIMAL CLASSIFICATION NUMBER | |
| Classification number | 628.1/66 |
| 100 1# - MAIN ENTRY--AUTHOR NAME | |
| Personal name | Benjamin, Mark M. |
| 245 10 - TITLE STATEMENT | |
| Title | Water quality engineering |
| 260 ## - PUBLICATION, DISTRIBUTION, ETC. (IMPRINT) | |
| Place of publication | Hoboken, N.J. : |
| Name of publisher | John Wiley & Sons, |
| Year of publication | 2013. |
| 300 ## - PHYSICAL DESCRIPTION | |
| Number of Pages | xxv, 878 p. : |
| Other physical details | ill. |
| 505 0# - FORMATTED CONTENTS NOTE | |
| Formatted contents note | pt. I. Reactors and reactions in water quality engineering -- pt. II. Removal of dissolved constituents from water -- pt. III. Removal of particles from water -- pt. IV. Membrane-based water and wastewater treatment. |
| 650 #0 - SUBJECT ADDED ENTRY--TOPICAL TERM | |
| Topical Term | Water |
| Topical Term | Sewage |
| 700 1# - ADDED ENTRY--PERSONAL NAME | |
| Personal name | Lawler, Desmond F. |
| 856 40 - ELECTRONIC LOCATION AND ACCESS | |
| Uniform Resource Identifier | http://site.ebrary.com/lib/rucke/Doc?id=10747424 |
No items available.
